00392nam a2200157 a 450000100060000000300090000600800410001504000280005608200170008410000180010124500290011925000060014826000470015430000110020165000220021210941CO-ViMGA141112s2004 ck r 000 u spa d aCO-ViMGAbspacCO-ViMGA04aCo861.6 L14c1 aLagos, Ramiro10aCantos de gesta comunera a1 aBogotá, cEdiciones Tercer Mundo, c1981 a131 p.14aPOESIA COLOMBIANA